Software architect /

A strategic state-of-the-art software architecture manual for all skill levels In Software Architect, veteran enterprise and solution architect Michael Bell delivers a hands-on playbook of best practices for aspiring and practicing software architects, seeking to improve their software design, integ...

Full description

Bibliographic Details
Main Author: Bell, Michael (Author)
Format: eBook
Language:English
Published: Hoboken, New Jersey : John Wiley & Sons, Inc., [2023]
Subjects:
Online Access:Connect to the full text of this electronic book

MARC

Tag First Indicator Second Indicator Subfields
LEADER 00000nam a2200000 i 4500
001 in00005501821
006 m o d
007 cr cnu---unuuu
008 230227s2023 njua fo 001 0 eng d
005 20260214213356.3
020 |a 9781119820994  |q (electronic book) 
020 |a 1119820995  |q (electronic book) 
020 |a 9781119820987  |q (e-book) 
020 |a 1119820987 
020 |z 9781119820970  |q (paperback) 
020 |z 1119820979 
035 |a wil6009863 
035 |a (NhCcYBP)wil6009863 
037 |a 9781119820994  |b Wiley, US 
037 |a 9781119820970  |b O'Reilly Media 
040 |a NhCcYBP  |b eng  |e rda  |c NhCcYBP 
050 4 |a QA76.754  |b .B45 2023 
082 0 4 |a 005.12  |2 23 
100 1 |a Bell, Michael,  |e author. 
245 1 0 |a Software architect /  |c Michael Bell. 
264 1 |a Hoboken, New Jersey :  |b John Wiley & Sons, Inc.,  |c [2023] 
300 |a 1 online resource 
336 |a text  |b txt  |2 rdacontent 
337 |a computer  |b c  |2 rdamedia 
338 |a online resource  |b cr  |2 rdacarrier 
500 |a Includes index. 
588 0 |a Online resource; title from digital title page (viewed on April 21, 2023). 
520 |a A strategic state-of-the-art software architecture manual for all skill levels In Software Architect, veteran enterprise and solution architect Michael Bell delivers a hands-on playbook of best practices for aspiring and practicing software architects, seeking to improve their software design, integration, communication, presentation, and knowledge acquisition skills. He explores the career enablement, career planning, self-training, and self-improvement topics you'll need to increase your ability to offer powerful and effective business and technological solutions. In the book, you'll learn how to help companies promote business and technological transformation by implementing modern and first-class software design, deployment, integration, and operations. Software Architect also includes: A modern software architect's toolbox that includes best practices for multi-dimensional software design and integration in an enterprise quantum computing ecosystem A breakdown of the various types of software architects, as well as useful self-assessments for aspiring and practicing professionals Skill acquisition strategies for software architects along with strategic approaches to ace software architecture interviews An indispensable manual for aspiring to be architects, software architects-in-training, and practicing software architects. Software Architect is an essential read for anyone hoping to improve their ability to deliver robust business and technical solutions to enterprises everywhere. 
505 0 |a Cover -- Title Page -- Copyright Page -- Contents at a Glance -- Contents -- Introduction: Software Architect, Who Are You? -- You Promote Institutional Culture -- Become an Agent of Cultural Transformation -- Contribute, Do Not Follow -- Further Reading -- You're an Astute Strategist -- Adopt an Effective Outside-In Strategy to Deliver Synthesized Software Architecture Solutions -- Align Software Architecture Strategies with Organizational Imperatives -- Further Reading -- You're a Gifted Leader -- Tolerate Errors and Stay Open to Technological Experiences 
505 8 |a Build a Circle of Trustful Followers by Uplifting Their Spirits -- Further Reading -- You're an Instrumental Solution Provider -- Promote Business Growth Through Modern Technological Solutions -- Provide Solutions Within the Boundaries of Your Software Architecture Expertise -- Understand the Scope of Your Technological Solutions -- Further Reading -- You're an Integrator Par Excellence -- Connect the Dots -- Integrate Software in a Three-Dimensional Software Architecture Environment -- Mitigate Risks in a Quantum Software Architecture Ecosystem -- Further Reading -- You're Domain-Driven 
505 8 |a Align the Orbit of Your Software Architecture Solutions with Organizational Domains -- Delineate the Scope of Your Software Architecture Solutions -- Further Reading -- You're Socially Driven -- Leverage the Contribution of Social Intelligence to Your Software Architecture Career -- Follow a Simple Process to Leverage Your Software Architecture Social Intelligence Skills -- Further Reading -- You're Career-Driven -- Carve Out a Software Architecture Career Strategy -- Software Architecture Career Strategy Perspectives -- Further Reading -- You Trust Your Innate Talents 
505 8 |a Employ Innate Traits to Advance Business and Technological Missions -- Avoid Self-Induced Software Architecture Blindness -- Further Reading -- Part 1 Software Architect Capability Model -- Chapter 1 Software Architect Capability Model -- Software Architect Capability Model: Benefits -- How Should Organizations Utilize the Software Architect Capability Model? -- Why Create a Personal Software Architect Capability Model? -- Rudimentary Guiding Principles -- Software Architect Capability Model Creation Process -- Requirements Drive Architecture Solutions 
505 8 |a Requirements Issued by Problem and Solution Domain Entities -- How Do the Problem and Solution Domains Collaborate? -- Important Facts to Remember -- Create a Software Architect Capability Model in Five Steps -- Step 1: Provide Requirements and Specifications -- Business Requirements -- Technical Specifications -- Ensure Clear Requirements -- Step 2: Identify Software Architecture Practices -- Establish Architecture Practices -- Step 3: Establish Software Architecture Disciplines -- Apply Architecture Disciplines to Architecture Practices 
650 0 |a Software architecture. 
650 0 |a Computer software  |x Development. 
776 0 8 |i Print version:  |z 9781119820970 
856 4 0 |u http://proxy.library.tamu.edu/login?url=https://onlinelibrary.wiley.com/book/10.1002/9781394320684  |z Connect to the full text of this electronic book  |t 0 
955 |a Wiley EBA record 
975 |p Wiley UBCM Full Collection 2026 
999 f f |s 5a2b509c-b45f-4f3c-8024-a70e2fb921af  |i af4d1898-062d-4bfa-9dc3-3a173810b5ee  |t 0 
952 f f |a Texas A&M University  |b College Station  |c Electronic Resources  |s evans_pda  |d Available Online  |t 0  |e QA76.754 .B45 2023  |h Library of Congress classification 
998 f f |a QA76.754 .B45 2023  |t 0  |l Available Online